Normal view
MARC view
- LEE, P WILLIAM
Entry Personal Name
001 - CONTROL NUMBER
- control field: 58400
003 - CONTROL NUMBER IDENTIFIER
- control field: NUST
005 - DATE AND TIME OF LATEST TRANSACTION
- control field: 20210628202132.0
008 - FIXED-LENGTH DATA ELEMENTS
- fixed length control field: 210628|| aca||aabn | a|a d
040 ## - CATALOGING SOURCE
- Original cataloging agency: NUST
- Transcribing agency: NUST
100 ## - HEADING--PERSONAL NAME
- Personal name: LEE, P WILLIAM
670 ## - SOURCE DATA FOUND
- Source citation: Work cat.: (NUST): LEE, P WILLIAM, CERAMICS, 1961
